Cities of Europe - Statistics

General Stats
  • This quiz has been taken 32 times
  • The average score is 13 of 15
Answer Stats
Hint City % Correct
Capital of Catalonia Barcelona
100%
In Europe and Asia Istanbul
100%
Capital of Portugal Lisbon
100%
Biggest city in Bavaria Munich
100%
City where democracy was founded Athens
97%
Formerly named Leningrad St Petersburg
97%
Former capital of West Germany Bonn
93%
Biggest city on the island of Sicily Palermo
90%
Biggest city on Norways west coast Bergen
83%
.... Convention Geneva
83%
Capital of North Macedonia Skopje
83%
Second biggest city in Sweden Gothenburg
80%
Biggest city in Crimea Sevastopol
63%
Second largest city in Ukraine Kharkiv
60%
Formerly "Free city of ...... " Gdansk
47%
No matching quizzes found
Score Distribution
Percent of People with Each Score
Percentile by Number Answered
Your Score History
You have not taken this quiz